Teambuilding, trend alebo efektívna investícia
Mať vo firmách tímy sa stalo trendom či módou. Zlepšovanie tímu - teambuilding. Príprava tréningu tímovej spolupráce. Niekoré kroky, ktoré je nutné spraviť priamo pre konkrétny tím. Analýza tréningu. Otázky pre zadávateľa tréningu. Fázy vývoja tímu.Organizačná príprava tréningu. Informovanosť o trén...
Salvato in:
| Autore principale: | |
|---|---|
| Natura: | Capitolo di libro |
| Lingua: | slovacco |
| Soggetti: | |
| Tags: |
Nessun Tag, puoi essere il primo ad aggiungerne!!
|
MARC
| LEADER | 00000naa$a2200000$$$4500 | ||
|---|---|---|---|
| 001 | 0044500 | ||
| 005 | 20230918125204.4 | ||
| 041 | 0 | |a slo | |
| 044 | |a SK | ||
| 245 | 1 | 0 | |a Teambuilding, trend alebo efektívna investícia |c Alexandra Fülöpová |
| 520 | |a Mať vo firmách tímy sa stalo trendom či módou. Zlepšovanie tímu - teambuilding. Príprava tréningu tímovej spolupráce. Niekoré kroky, ktoré je nutné spraviť priamo pre konkrétny tím. Analýza tréningu. Otázky pre zadávateľa tréningu. Fázy vývoja tímu.Organizačná príprava tréningu. Informovanosť o tréningu. Hodnotenie tréningu. Výber externého dodávateľa. Spôsob prípravy tréningu alebo návrhu. Obsah a osnova. Cenová kalkulácia. Lektori a inštruktori. | ||
| 610 | 2 | 0 | |a tímy pracovné |
| 610 | 2 | 0 | |a skupiny pracovné |
| 610 | 2 | 0 | |a školenie odborné |
| 610 | 2 | 0 | |a kurzy |
| 610 | 2 | 0 | |a dodávatelia |
| 610 | 2 | 0 | |a práca tímová |
| 100 | 1 | |a Fülöpová, Alexandra | |